[Event "Lichtenberger Sommer"]
[Site "Berlin"]
[Date "2009.08.21"]
[Round "7.38"]
[White "Kornrumpf, Joachim"]
[Black "Nauschütz, Ernst"]
[Result "1-0"]
[WhiteElo "2119"]
[BlackElo "1839"]
[PlyCount "137"]
[EventDate "2009.??.??"]
[WhiteTeam "Preetzer TSV"]
[BlackTeam "Greifswalder SV"]

1. b3 d5 2. Bb2 c5 3. e3 Nc6 4. Nf3 e6 5. Be2 Nf6 6. O-O Be7 7. d4 O-O 8. Nbd2
cxd4 9. Nxd4 Bd7 10. c4 Re8 11. Rc1 Nxd4 12. exd4 Bc6 13. c5 Qd7 14. Nf3 Rec8
15. Ne5 Qe8 16. Bd3 Bb5 17. Bxb5 Qxb5 18. a4 Qe8 19. b4 a6 20. Qb3 Nd7 21. Nxd7
Qxd7 22. Ra1 Bd8 23. b5 Qe7 24. Rfb1 Qh4 25. g3 Qg4 26. Qd1 Qg6 27. Qe2 h5 28.
Bc1 Bf6 29. Bb2 Qf5 30. Bc3 Bd8 31. bxa6 bxa6 32. Rb7 Bc7 33. Rab1 h4 34. Kg2
g6 35. R1b3 Qf6 36. Ba1 Kg7 37. Rf3 Qd8 38. Bb2 Qd7 39. Qd1 Qc6 40. Qb3 Rab8
41. Rxb8 Rxb8 42. Qa2 Qb7 43. Bc1 hxg3 44. hxg3 Qb1 45. Qxb1 Rxb1 46. Rc3 f6
47. Be3 Rb4 48. f4 Kf7 49. Kf3 Ke7 50. Rc1 e5 51. fxe5 fxe5 52. Bg5+ Ke6 53.
dxe5 Rxa4 54. Bf4 a5 55. Rh1 Ra3+ 56. Kg4 d4 57. Rh6 Kd5 58. Rxg6 Kxc5 59. Rg7
Kc6 60. Rg6+ Kd5 61. Rg7 Rc3 62. Kf5 Bb6 63. e6 Rc8 64. Rd7+ Kc4 65. e7 Re8 66.
Kf6 Bc5 67. Bd6 d3 68. Bxc5 Kxc5 69. Rxd3 1-0

[Event "Lichtenberger Sommer"]
[Site "Berlin"]
[Date "2009.08.21"]
[Round "7.39"]
[White "Albrecht, Rainer"]
[Black "Yuan, Yizheng"]
[Result "1/2-1/2"]
[WhiteElo "2141"]
[BlackElo "1770"]
[PlyCount "35"]
[EventDate "2009.??.??"]
[WhiteTeam "SC Kreuzberg e.V."]
[BlackTeam "Schachpinguine Berlin e.V."]

1. c4 Nf6 2. g3 g6 3. Bg2 Bg7 4. Nc3 O-O 5. d3 d6 6. Bg5 h6 7. Bd2 Nc6 8. e4 e5
9. Nge2 Nh5 10. O-O f5 11. Nd5 Ne7 12. Qc1 Kh7 13. Rb1 c6 14. Nxe7 Qxe7 15. Be3
Qf7 16. exf5 Bxf5 17. Qd2 Nf6 18. h3 1/2-1/2

[Event "Lichtenberger Sommer"]
[Site "Berlin"]
[Date "2009.08.21"]
[Round "7.40"]
[White "Kurbel, Horst-Peter"]
[Black "Kupfer, Michael"]
[Result "1/2-1/2"]
[WhiteElo "1888"]
[BlackElo "2198"]
[PlyCount "32"]
[EventDate "2009.??.??"]
[WhiteTeam "SV Empor Berlin e.V."]
[BlackTeam "SC Friesen Lichtenberg e.V."]

1. d4 d5 2. c4 dxc4 3. Nf3 Nf6 4. e3 e6 5. Bxc4 c5 6. O-O a6 7. a4 Nc6 8. dxc5
Qxd1 9. Rxd1 Bxc5 10. Nc3 b6 11. Ne2 Bb7 12. Bd2 Ne4 13. Be1 Ke7 14. Ned4 Nxd4
15. Nxd4 Rad8 16. Nf3 Rxd1 1/2-1/2

[Event "Lichtenberger Sommer"]
[Site "Berlin"]
[Date "2009.08.21"]
[Round "7.41"]
[White "Würsig, Mathias"]
[Black "Bendfeldt, Tim"]
[Result "1/2-1/2"]
[WhiteElo "1861"]
[BlackElo "2064"]
[PlyCount "118"]
[EventDate "2009.??.??"]
[WhiteTeam "SV Blau-Gelb 1899 Hosena e.V."]
[BlackTeam "Kieler SG von 1884 / Meerbauer"]

1. e4 e6 2. d4 d5 3. exd5 exd5 4. Nf3 Bd6 5. Nc3 c6 6. Bd3 Ne7 7. Be3 Bg4 8.
Be2 Nd7 9. Qd2 Qc7 10. a3 O-O-O 11. O-O-O Nb6 12. h3 Bxf3 13. Bxf3 Nc4 14. Qe1
Qb6 15. Na4 Qb5 16. b3 Bxa3+ 17. Kb1 Nxe3 18. Qxe3 Rhe8 19. Qd2 Qa6 20. Be2 b5
21. Nc5 Bxc5 22. dxc5 Qa3 23. Qc3 d4 24. Rxd4 Rxd4 25. Qxd4 Nd5 26. Bg4+ Kb8
27. Bf3 Nb4 28. Qb2 Qxb2+ 29. Kxb2 Rd8 30. Rd1 Rxd1 31. Bxd1 Na6 32. Kc3 Nxc5
33. Kd4 Nd7 34. Bg4 Kc7 35. b4 Kd6 36. Be2 Nf8 37. Kc3 a6 38. Kb3 Ne6 39. Bd3
g6 40. c4 c5 41. cxb5 Nd4+ 42. Ka4 axb5+ 43. Bxb5 f5 44. Bc4 cxb4 45. Kxb4 Ke5
46. Kc3 f4 47. Bg8 h6 48. Bf7 g5 49. Kd3 Nf5 50. Ke2 Kd4 51. Be8 Nd6 52. Bc6
Nc4 53. Bb7 Ne5 54. Ba8 Ng6 55. Bc6 Nh4 56. Bb7 Ng6 57. Ba8 Ne5 58. Bb7 Nd3 59.
Ba6 Ne5 1/2-1/2

[Event "Lichtenberger Sommer"]
[Site "Berlin"]
[Date "2009.08.21"]
[Round "7.42"]
[White "Kayser, Stefan"]
[Black "Große-Honebrink, Brigitte"]
[Result "1-0"]
[WhiteElo "1964"]
[BlackElo "1926"]
[PlyCount "129"]
[EventDate "2009.??.??"]
[WhiteTeam "Schachclub Oranienburg e.V."]
[BlackTeam "SC Kreuzberg e.V."]

1. d4 Nf6 2. c4 e6 3. Nc3 d5 4. Bg5 Be7 5. cxd5 exd5 6. e3 c6 7. Bd3 Nbd7 8.
Qc2 O-O 9. Nge2 Re8 10. O-O Nf8 11. f3 h6 12. Bh4 N6h7 13. Bxe7 Qxe7 14. e4
dxe4 15. fxe4 Nf6 16. h3 Be6 17. Rad1 Rad8 18. Nf4 Qb4 19. Qf2 Bc4 20. e5 N6h7
21. Bxc4 Qxc4 22. Ne4 Re7 23. Nd6 Qxa2 24. Ra1 Qb3 25. Ra3 Qb6 26. Nh5 Ne6 27.
Nf5 Red7 28. Rg3 Nhg5 29. Nxh6+ gxh6 30. Nf6+ Kf8 31. Nxd7+ Rxd7 32. Qf6 Qxd4+
33. Kh1 Ng7 34. Qxh6 N5e6 35. Rxg7 Nxg7 36. Qh8+ Ke7 37. Qxg7 Kd8 38. Qf8+ Kc7
39. Qe8 Qc4 40. Rf6 Rd1+ 41. Kh2 Kb6 42. Rxf7 Qc5 43. Rf3 Qg1+ 44. Kg3 Qe1+ 45.
Kg4 Qb4+ 46. Kf5 Qxb2 47. Qf7 Rd5 48. Qg7 a5 49. Qg3 Qc2+ 50. Kf6 Qc1 51. Rb3+
Ka6 52. Qe3 Qf1+ 53. Ke7 b5 54. Rc3 Kb7 55. e6 Qxg2 56. Qg3 Qb2 57. Qg7 Qb4+
58. Ke8+ Kb6 59. e7 Qd6 60. Rf3 Kc7 61. Qg3 Re5 62. Rf7 Qd7+ 63. Kf8 Qd6 64.
Qxe5 Qxe5 65. e8=Q+ 1-0

[Event "Lichtenberger Sommer"]
[Site "Berlin"]
[Date "2009.08.21"]
[Round "7.43"]
[White "Hoppensack, Manfred"]
[Black "Bandsom, Olaf"]
[Result "1-0"]
[WhiteElo "2029"]
[BlackElo "1786"]
[PlyCount "57"]
[EventDate "2009.??.??"]
[WhiteTeam "SC Friesen Lichtenberg e.V."]
[BlackTeam "SC Friesen Lichtenberg e.V."]

1. e4 e5 2. Nc3 Bc5 3. f4 d6 4. Nf3 Nc6 5. Na4 Bb6 6. Nxb6 axb6 7. d4 exd4 8.
Nxd4 Nxd4 9. Qxd4 Qf6 10. Qf2 Be6 11. Be3 Ne7 12. Bd4 Qh6 13. Be2 f5 14. Qg3
Ng6 15. O-O O-O 16. exf5 Bxf5 17. Qb3+ Kh8 18. g3 Rae8 19. Rae1 Be4 20. Bf3 Bc6
21. Rxe8 Rxe8 22. Bxc6 bxc6 23. Qf7 Rg8 24. Re1 Ne5 25. fxe5 Qd2 26. Qf2 Qg5
27. e6 Qe7 28. Qf7 Qf8 29. Bxg7+ 1-0

[Event "Lichtenberger Sommer"]
[Site "Berlin"]
[Date "2009.08.21"]
[Round "7.44"]
[White "Ziems, Michael"]
[Black "Maahs, Erich"]
[Result "0-1"]
[WhiteElo "1743"]
[BlackElo "2174"]
[PlyCount "64"]
[EventDate "2009.??.??"]
[WhiteTeam "SV Empor Berlin e.V."]
[BlackTeam "SC Concordia SAbt Palame"]

1. d4 d5 2. c4 dxc4 3. Nc3 a6 4. a4 Nc6 5. e3 Na5 6. Nf3 Bg4 7. Be2 Bxf3 8.
Bxf3 e6 9. Bd2 c6 10. O-O Nf6 11. Qc2 Rc8 12. Rad1 Nb3 13. Ne2 Nxd2 14. Rxd2
Bb4 15. Rdd1 b5 16. b3 Be7 17. bxc4 b4 18. c5 a5 19. Qc4 O-O 20. e4 Qc7 21. Nc1
Rfd8 22. Nd3 Bf8 23. Rfe1 Ra8 24. Ne5 Ra7 25. Qc2 Be7 26. Nc4 Rf8 27. e5 Nd5
28. Bxd5 cxd5 29. Ne3 f5 30. f4 Qc6 31. Rd3 Rb7 32. Qb3 Bd8 0-1

[Event "Lichtenberger Sommer"]
[Site "Berlin"]
[Date "2009.08.21"]
[Round "7.45"]
[White "Batschari, Alexander"]
[Black "Amelang, Thomas"]
[Result "1/2-1/2"]
[WhiteElo "1808"]
[BlackElo "2176"]
[PlyCount "97"]
[EventDate "2009.??.??"]
[WhiteTeam "SV Königsjäger Süd-West e.V."]
[BlackTeam "SK Siemens München"]

1. e4 g6 2. d4 Bg7 3. c3 c6 4. Bd3 d6 5. Nf3 Nf6 6. O-O O-O 7. Qb3 Qc7 8. h3 e5
9. Be3 Nbd7 10. Nbd2 Re8 11. dxe5 Nxe5 12. Nxe5 dxe5 13. Qc2 Nh5 14. Be2 Nf4
15. Bf3 Be6 16. Rfd1 Qe7 17. Bg4 h5 18. Bxe6 Nxe6 19. Nf3 b6 20. Rd2 Red8 21.
Rad1 Rxd2 22. Rxd2 Rd8 23. Qd1 Rxd2 24. Qxd2 Qd8 25. Qxd8+ Nxd8 26. Nd2 Kf8 27.
b4 Nb7 28. Nb3 Nd6 29. f3 Bf6 30. a4 Nc4 31. Bc1 Ke8 32. Kf2 Kd7 33. Ke2 Be7
34. Kd3 b5 35. axb5 cxb5 36. g4 hxg4 37. hxg4 Kc6 38. Ke2 Bd8 39. Kd3 Bb6 40.
Ke2 a5 41. bxa5 Nxa5 42. Nxa5+ Bxa5 43. Kd3 Bc7 44. Be3 Bb6 45. Bg5 Bc5 46. Bd8
Kd6 47. Ba5 Ke6 48. Bb4 Bf2 49. c4 1/2-1/2

[Event "Lichtenberger Sommer"]
[Site "Berlin"]
[Date "2009.08.21"]
[Round "7.46"]
[White "Nagel, Gerhard"]
[Black "Gülke, Volker"]
[Result "1/2-1/2"]
[WhiteElo "1950"]
[BlackElo "2168"]
[PlyCount "40"]
[EventDate "2009.??.??"]
[WhiteTeam "SC Einheit Bautzen"]
[BlackTeam "SV Eutin von 1875"]

1. e4 Nf6 2. Nc3 d5 3. exd5 Nxd5 4. Bc4 Nb6 5. Bb3 Nc6 6. Nf3 Bf5 7. a3 e6 8.
d3 Be7 9. O-O O-O 10. Ne4 Nd5 11. c3 Nf6 12. Qe2 a5 13. Bc2 Re8 14. d4 Nxe4 15.
Bxe4 Bxe4 16. Qxe4 Qd5 17. Qxd5 exd5 18. Bf4 Bd8 19. Rfe1 Kf8 20. Ne5 Nxe5
1/2-1/2

[Event "Lichtenberger Sommer"]
[Site "Berlin"]
[Date "2009.08.21"]
[Round "7.47"]
[White "Kazman, Caner"]
[Black "Krajewski, Wolfgang"]
[Result "1/2-1/2"]
[WhiteElo "1941"]
[BlackElo "2131"]
[PlyCount "57"]
[EventDate "2009.??.??"]
[WhiteTeam "SV Empor Berlin e.V."]
[BlackTeam "SK Zehlendorf e.V."]

1. d4 d5 2. c4 c6 3. Nc3 Nf6 4. Nf3 dxc4 5. e3 Bg4 6. Bxc4 e6 7. h3 Bh5 8. Bd2
Nbd7 9. Be2 Be7 10. O-O O-O 11. a3 c5 12. Rc1 cxd4 13. Nxd4 Bg6 14. Nf3 Nc5 15.
b4 Nce4 16. Nxe4 Nxe4 17. Bc3 Nxc3 18. Rxc3 Rc8 19. Qxd8 Rfxd8 20. Rfc1 Rxc3
21. Rxc3 Bd6 22. Kf1 Bb8 23. g4 Kf8 24. Nh4 Bb1 25. Rc1 Ba2 26. Nf3 Ke7 27. Ke1
f5 28. Nd2 Be5 29. f4 1/2-1/2

[Event "Lichtenberger Sommer"]
[Site "Berlin"]
[Date "2009.08.21"]
[Round "7.48"]
[White "Kirchhof, Arno"]
[Black "Peschke, Matthias"]
[Result "0-1"]
[WhiteElo "2068"]
[BlackElo "1741"]
[PlyCount "22"]
[EventDate "2009.??.??"]
[WhiteTeam "SC Garching 1980 e.V."]
[BlackTeam "SK Marmstorf GW Harburg"]

1. d4 Nf6 2. Nf3 c5 3. c3 cxd4 4. cxd4 g6 5. Nc3 Bg7 6. Bf4 d6 7. h3 O-O 8. e3
Qa5 9. Qd2 Nc6 10. d5 Nb4 11. e4 Nxe4 0-1

[Event "Lichtenberger Sommer"]
[Site "Berlin"]
[Date "2009.08.21"]
[Round "7.49"]
[White "Rickmann, David"]
[Black "Baier, Reinhard"]
[Result "0-1"]
[WhiteElo "1763"]
[BlackElo "2089"]
[PlyCount "100"]
[EventDate "2009.??.??"]
[WhiteTeam "SG Aufbau Elbe Magdeburg"]
[BlackTeam "BSG 1827 Eckbauer e.V."]

1. e4 c5 2. Nc3 d6 3. f4 Nc6 4. Nf3 g6 5. g3 Bg7 6. Bg2 Bd7 7. O-O e6 8. d3 a6
9. a3 Rb8 10. Qe1 Nge7 11. Nh4 O-O 12. Be3 Nd4 13. Qd2 Bc6 14. Rab1 Qc7 15. Ne2
Nxe2+ 16. Qxe2 f5 17. Bd2 b5 18. Rfe1 Rbe8 19. Nf3 h6 20. Nh4 Kh7 21. g4 Bf6
22. g5 hxg5 23. fxg5 Bd4+ 24. Be3 e5 25. exf5 Nxf5 26. Nxf5 Rxf5 27. Bxd4 Rxg5
28. Bc3 Rxg2+ 29. Qxg2 Bxg2 30. Kxg2 Qc6+ 31. Re4 b4 32. Bd2 c4 33. Rc1 bxa3
34. bxa3 Rb8 35. Kg3 cxd3 36. cxd3 Qd7 37. Rec4 Qf5 38. Kg2 g5 39. Rf1 Qxd3 40.
Rc7+ Kg6 41. Bb4 a5 42. Rcf7 Qd5+ 43. Kg3 Qxf7 44. Rxf7 Kxf7 45. Bxd6 Rb3+ 46.
Kg4 Ke6 47. Bc5 e4 48. h4 gxh4 49. Kxh4 Kf5 50. Bd6 a4 0-1

[Event "Lichtenberger Sommer"]
[Site "Berlin"]
[Date "2009.08.21"]
[Round "7.50"]
[White "Petkov, Peter"]
[Black "Fuchs, Joerg"]
[Result "1-0"]
[WhiteElo "1918"]
[BlackElo "1909"]
[PlyCount "99"]
[EventDate "2009.??.??"]
[WhiteTeam "vereinslos"]
[BlackTeam "SC Kreuzberg e.V."]

1. e4 e5 2. Nf3 d6 3. Bc4 Be7 4. c3 Nf6 5. d3 O-O 6. O-O c6 7. Re1 d5 8. exd5
cxd5 9. Bb3 Bg4 10. Nbd2 Nc6 11. Nf1 e4 12. dxe4 dxe4 13. Qxd8 Raxd8 14. Ng5
Ne5 15. Nxe4 Nd3 16. Nxf6+ Bxf6 17. Re4 Bf5 18. Re2 Rfe8 19. Be3 Nf4 20. Rd2
Rxd2 21. Nxd2 Ne2+ 22. Kh1 h5 23. Bc4 Nxc3 24. bxc3 Bxc3 25. Rc1 Bb2 26. Rf1
Rc8 27. Be2 Rc2 28. Bd1 Rc6 29. Bf3 Ra6 30. Bd5 Bd3 31. Re1 h4 32. h3 Ra5 33.
Bb3 b5 34. Nf3 b4 35. Rd1 Bg6 36. Rd5 Rxd5 37. Bxd5 a5 38. Bc5 Bc1 39. Bb3 Bb1
40. Ne5 a4 41. Bxf7+ Kh7 42. Bc4 Bxa2 43. Bxa2 b3 44. Bb1+ Kh6 45. Nd3 Bg5 46.
Bd6 Bf6 47. Ba3 Kg5 48. Nb2 Bxb2 49. Bxb2 Kf4 50. Bd3 1-0

[Event "Lichtenberger Sommer"]
[Site "Berlin"]
[Date "2009.08.21"]
[Round "7.51"]
[White "Bergmann, Jens"]
[Black "Strehlow, Horst"]
[Result "0-1"]
[WhiteElo "1824"]
[BlackElo "2115"]
[PlyCount "88"]
[EventDate "2009.??.??"]
[WhiteTeam "SK Tempelhof 1931 e.V."]
[BlackTeam "SC Friesen Lichtenberg e.V."]

1. e4 d6 2. g3 g6 3. Bg2 Bg7 4. Ne2 c6 5. O-O Qb6 6. c3 e5 7. h3 Be6 8. Kh2 Ne7
9. d4 Bc4 10. dxe5 dxe5 11. b3 Bxe2 12. Qxe2 O-O 13. Nd2 Na6 14. Nc4 Qc7 15.
Ba3 c5 16. Rfd1 Rfd8 17. Rxd8+ Rxd8 18. Rd1 Rxd1 19. Qxd1 b5 20. Ne3 b4 21. Bf1
Qa5 22. Nc4 Qc7 23. Bb2 Nb8 24. Ne3 Nbc6 25. Bc4 bxc3 26. Bxc3 Nd4 27. Ng4 Nec6
28. Qd3 Nb4 29. Qb1 Qa5 30. a4 Qb6 31. Qc1 Na2 32. Qb2 Nxc3 33. Qxc3 h5 34. Ne3
Qf6 35. Nd1 h4 36. Kg2 Bh6 37. Qd3 Kg7 38. Nc3 hxg3 39. fxg3 Qg5 40. Nb5 Qc1
41. Qf1 Qc2+ 42. Kg1 Be3+ 43. Kh1 Qxe4+ 44. Qg2 Qb1+ 0-1

[Event "Lichtenberger Sommer"]
[Site "Berlin"]
[Date "2009.08.21"]
[Round "7.52"]
[White "Penner, Markus"]
[Black "Inngauer, Wolfram"]
[Result "1/2-1/2"]
[WhiteElo "1886"]
[BlackElo "1898"]
[PlyCount "95"]
[EventDate "2009.??.??"]
[WhiteTeam "SK Zehlendorf e.V."]
[BlackTeam "CFC Hertha 06 e.V."]

1. e4 e6 2. d4 d5 3. Nc3 dxe4 4. Nxe4 Bd7 5. Nf3 Bc6 6. Bd3 Bxe4 7. Bxe4 c6 8.
O-O Nf6 9. Bd3 Bd6 10. Re1 Nbd7 11. c4 Qc7 12. Qc2 O-O 13. Bd2 c5 14. h3 a6 15.
Rad1 Rac8 16. Bc3 cxd4 17. Nxd4 Ne5 18. b3 b5 19. Nf3 Nxd3 20. Qxd3 Rfd8 21.
Qe3 Bf4 22. Qe2 bxc4 23. Qxc4 Rxd1 24. Rxd1 Nd5 25. Qxc7 Bxc7 26. Bb2 Bf4 27.
Nd4 Be5 28. Rd2 Bxd4 29. Rxd4 f6 30. Rc4 Rxc4 31. bxc4 Nb6 32. c5 Nd5 33. Kf1
Kf8 34. Ke2 Ke8 35. Kd3 Kd7 36. g3 Kc6 37. Kc4 e5 38. Bc1 g6 39. Bd2 f5 40. a3
Nc7 41. Bb4 Ne6 42. h4 h6 43. Bc3 e4 44. Bd4 g5 45. hxg5 hxg5 46. Be3 f4 47.
gxf4 gxf4 48. Bd2 1/2-1/2

[Event "Lichtenberger Sommer"]
[Site "Berlin"]
[Date "2009.08.21"]
[Round "7.53"]
[White "Albinus, Günter"]
[Black "Mai, Andreas"]
[Result "1/2-1/2"]
[WhiteElo "1875"]
[BlackElo "1950"]
[PlyCount "92"]
[EventDate "2009.??.??"]
[WhiteTeam "SG Weißensee 49 e.V."]
[BlackTeam "SC Friesen Lichtenberg e.V."]

1. Nf3 Nf6 2. c4 g6 3. Nc3 Bg7 4. d3 O-O 5. g3 d6 6. Bg2 Nc6 7. a3 e5 8. Bg5 h6
9. Bd2 a6 10. Ra2 Be6 11. Qc1 Kh7 12. e4 b5 13. Nd5 bxc4 14. Nxf6+ Qxf6 15.
dxc4 Qe7 16. O-O Rab8 17. b4 f5 18. exf5 gxf5 19. Ng5+ hxg5 20. Bxc6 Bf6 21.
Rc2 Kg6 22. f3 Rh8 23. Qe1 Rh6 24. Rf2 Qh7 25. Bc3 Bxc4 26. Bxe5 Bxe5 27. Rxc4
Rh8 28. f4 Qf7 29. Qf1 Bf6 30. Qd3 g4 31. Re2 Qh7 32. Rcc2 Qg7 33. Be8+ Rxe8
34. Rxe8 Bd4+ 35. Kf1 Qf7 36. Qe2 Rxh2 37. Qe6+ Qxe6 38. Rxe6+ Kf7 39. Rxh2
Kxe6 40. Ke2 Kd5 41. Kd3 c5 42. bxc5 dxc5 43. Re2 c4+ 44. Kc2 a5 45. Re7 Kd6
46. Re2 Kc5 1/2-1/2

[Event "Lichtenberger Sommer"]
[Site "Berlin"]
[Date "2009.08.21"]
[Round "7.54"]
[White "Ritter, Uwe"]
[Black "Tiemer, Klaus"]
[Result "1/2-1/2"]
[WhiteElo "1737"]
[BlackElo "1883"]
[PlyCount "81"]
[EventDate "2009.??.??"]
[WhiteTeam "Reideburger SV 90 Halle"]
[BlackTeam "TSG Oberschöneweide e.V."]

1. f4 d5 2. Nf3 g6 3. e3 Bg7 4. d4 Nf6 5. c4 c6 6. cxd5 cxd5 7. Bd3 O-O 8. Nc3
Nc6 9. O-O b6 10. Bd2 Bb7 11. Rc1 Rc8 12. Qe1 Nb4 13. Bb1 Ba6 14. Rf2 Ng4 15.
Ne5 Nxf2 16. Qxf2 Bxe5 17. fxe5 Nd3 18. Bxd3 Bxd3 19. Qh4 e6 20. Qh6 f6 21. Be1
fxe5 22. Bh4 Qd7 23. dxe5 d4 24. exd4 Qxd4+ 25. Kh1 Qf4 26. Qxf4 Rxf4 27. Bg3
Rf7 28. h3 Rcf8 29. Kh2 Rf1 30. Be1 g5 31. Rd1 Bc2 32. Rc1 Bg6 33. Nb5 Be4 34.
Nd6 Bd5 35. Kg3 Rg1 36. Kg4 Rxg2+ 37. Kh5 Bf3+ 38. Kh6 Re2 39. Rc7 Be4 40. Nxe4
Rxe4 41. Rg7+ 1/2-1/2

[Event "Lichtenberger Sommer"]
[Site "Berlin"]
[Date "2009.08.21"]
[Round "7.55"]
[White "Voigt, Ingo"]
[Black "Roth, Joachim"]
[Result "1-0"]
[WhiteElo "2046"]
[BlackElo "1891"]
[PlyCount "77"]
[EventDate "2009.??.??"]
[WhiteTeam "BSV 63 Chemie Weißensee"]
[BlackTeam "SG Bund"]

1. b3 e6 2. e4 c5 3. Bb2 Nc6 4. Nf3 Nf6 5. e5 Nd5 6. c4 Nc7 7. g3 Be7 8. Bg2
O-O 9. O-O f6 10. Na3 d5 11. exd6 Qxd6 12. d4 cxd4 13. Nb5 Nxb5 14. cxb5 Nb4
15. a3 Nd5 16. Nxd4 Rd8 17. Qd3 Bf8 18. Rfd1 Ne7 19. Qc4 Kh8 20. Nxe6 Qxd1+ 21.
Rxd1 Rxd1+ 22. Bf1 Bd7 23. Kg2 a6 24. a4 axb5 25. Qe2 Rxf1 26. Nxf8 Rxf8 27.
Qxe7 Bc6+ 28. Kxf1 Re8 29. Qf7 bxa4 30. bxa4 h6 31. Ba3 Rd8 32. f4 Rd7 33. Qb3
Kh7 34. a5 Kh8 35. h4 f5 36. Qe6 Rd3 37. Qxf5 Rxg3 38. Bc5 Kg8 39. a6 1-0

[Event "Lichtenberger Sommer"]
[Site "Berlin"]
[Date "2009.08.21"]
[Round "7.56"]
[White "Bauder, Herbert"]
[Black "Prix, Siegfried"]
[Result "1-0"]
[WhiteElo "2027"]
[BlackElo "1803"]
[PlyCount "81"]
[EventDate "2009.??.??"]
[WhiteTeam "SG Lasker Steglitz-Wilmersdorf"]
[BlackTeam "Sfrd. Berlin 1903 e.V."]

1. d4 d5 2. c4 c6 3. Nf3 Nf6 4. Nc3 dxc4 5. a4 Bf5 6. Ne5 e6 7. f3 Bb4 8. e4
Bxe4 9. fxe4 Nxe4 10. Bd2 Qxd4 11. Nxe4 Qxe4+ 12. Qe2 Bxd2+ 13. Kxd2 Qd4+ 14.
Kc2 Nd7 15. Nxd7 Qxd7 16. Rd1 Qe7 17. Qxc4 O-O 18. Be2 Rfd8 19. Bf3 Rac8 20.
Rxd8+ Rxd8 21. Rd1 Kf8 22. Rxd8+ Qxd8 23. Qc5+ Qe7 24. Qxa7 f5 25. Qb8+ Kf7 26.
Qe5 Qb4 27. b3 g6 28. a5 c5 29. Qc7+ Kf6 30. Bxb7 Qd4 31. Qg3 e5 32. a6 c4 33.
bxc4 Qxc4+ 34. Qc3 Qa2+ 35. Kd3 Qb1+ 36. Kc4 Qa2+ 37. Kc5 Qf2+ 38. Kb5 Qf1+ 39.
Kb6 Qg1+ 40. Qc5 Qb1+ 41. Kc7 1-0

[Event "Lichtenberger Sommer"]
[Site "Berlin"]
[Date "2009.08.21"]
[Round "7.57"]
[White "Smajic, Mirza"]
[Black "Hahn, Thomas"]
[Result "1-0"]
[WhiteElo "1721"]
[BlackElo "1826"]
[PlyCount "113"]
[EventDate "2009.??.??"]
[WhiteTeam "SC Borussia Friedrichsfelde 1920"]
[BlackTeam "SC Empor Potsdam 1952 e.V."]

1. e4 d5 2. exd5 Qxd5 3. Nc3 Qa5 4. d4 Nf6 5. Bc4 Bf5 6. Nge2 e6 7. O-O c6 8.
Ng3 Bd6 9. f4 Nbd7 10. Bd2 Bg4 11. Qe1 Qb6 12. Qe3 O-O 13. Nce4 Be7 14. Kh1
Rfe8 15. Rae1 c5 16. Bc3 Qc6 17. dxc5 Nxe4 18. Nxe4 Nxc5 19. Nxc5 Qxc5 20. Qg3
h5 21. Bxe6 fxe6 22. h3 Qf5 23. hxg4 hxg4 24. Re5 Qg6 25. Rfe1 Kf7 26. Kg1 Rac8
27. f5 exf5 28. Qf4 Bc5+ 29. Bd4 Rxe5 30. Rxe5 Bxd4+ 31. Qxd4 Qc6 32. Rxf5+ Kg8
33. Rg5 Rc7 34. Rxg4 Rd7 35. Qc4+ Qd5 36. Rd4 Qxc4 37. Rxc4 b5 38. Rc5 a6 39.
Rc6 a5 40. Rc5 Rb7 41. b3 a4 42. b4 Kh7 43. Kf2 Kh6 44. Ke3 g5 45. g4 Re7+ 46.
Kd3 Rd7+ 47. Kc3 Rb7 48. Kd4 Rf7 49. Rxb5 Rf4+ 50. Kd5 Rxg4 51. c4 Rg2 52. c5
g4 53. c6 g3 54. c7 Rd2+ 55. Ke4 g2 56. c8=Q Rd4+ 57. Kf3 1-0

[Event "Lichtenberger Sommer"]
[Site "Berlin"]
[Date "2009.08.21"]
[Round "7.58"]
[White "Mayer, Herbert"]
[Black "Wendland, Frank"]
[Result "1-0"]
[WhiteElo "1917"]
[BlackElo "1756"]
[PlyCount "104"]
[EventDate "2009.??.??"]
[WhiteTeam "SC Rochade e.V."]
[BlackTeam "Treptower SV 1949 e.V."]

1. f4 c5 2. b3 Nc6 3. e3 Nf6 4. Bb2 d5 5. Nf3 g6 6. Bb5 Bg7 7. O-O O-O 8. Bxc6
bxc6 9. Qe1 Ba6 10. d3 Qb6 11. c4 dxc4 12. dxc4 Bxc4 13. Rf2 Be6 14. Ng5 Bd5
15. e4 Nxe4 16. Nxe4 Bxb2 17. Rxb2 c4+ 18. Nf2 cxb3 19. axb3 Qd4 20. Qe5 Qc5
21. Qc3 Qb6 22. Nd2 Rfd8 23. Nc4 Qc7 24. Qe3 Rdb8 25. Nd2 a5 26. Rba2 Rb5 27.
Nfe4 Rab8 28. Nc3 Rb4 29. Nxd5 cxd5 30. Rxa5 Rxf4 31. Rxd5 e6 32. Rc5 Qd6 33.
Nc4 Qd4 34. Qxd4 Rxd4 35. Rb1 Rd3 36. b4 Rc3 37. b5 Kf8 38. b6 Rb7 39. Rb4 Ke7
40. Na5 Rxc5 41. Nxb7 Rc8 42. Na5 Kd7 43. Rd4+ Ke8 44. b7 Rb8 45. Kf2 f6 46.
Ke3 e5 47. Rd5 h5 48. Ke4 h4 49. Rd6 Ke7 50. Kd5 e4 51. Nc6+ Kf7 52. Nxb8 e3
1-0

[Event "Lichtenberger Sommer"]
[Site "Berlin"]
[Date "2009.08.21"]
[Round "7.59"]
[White "Herrmann, Eberhard"]
[Black "Cremer, Jan Paul"]
[Result "0-1"]
[WhiteElo "1827"]
[BlackElo "1859"]
[PlyCount "57"]
[EventDate "2009.??.??"]
[WhiteTeam "SC Friesen Lichtenberg e.V."]
[BlackTeam "Schachpinguine Berlin e.V."]

1. e4 e5 2. Nf3 Nc6 3. d4 exd4 4. Bc4 Nf6 5. Ng5 Ne5 6. Qxd4 Nxc4 7. Qxc4 d5 8.
exd5 Qxd5 9. Qe2+ Be7 10. O-O Bd7 11. Re1 Qd6 12. Bf4 Qc5 13. Bxc7 O-O 14. Bf4
Nd5 15. Bc1 Bxg5 16. Bxg5 Rfe8 17. Be3 Nxe3 18. fxe3 Re7 19. Nc3 Rae8 20. Kf2
Qf5+ 21. Qf3 Qxc2+ 22. Re2 Qg6 23. Nd5 Re5 24. Nf4 Qf5 25. Rd1 Bb5 26. Red2 Bc6
27. Qg3 Rxe3 28. Qxe3 Rxe3 29. Kxe3 0-1

[Event "Lichtenberger Sommer"]
[Site "Berlin"]
[Date "2009.08.21"]
[Round "7.60"]
[White "Engelhardt, Erhard"]
[Black "Tong, Lukas Fabian Chuan"]
[Result "0-1"]
[WhiteElo "1818"]
[BlackElo "1869"]
[PlyCount "92"]
[EventDate "2009.??.??"]
[WhiteTeam "SSV Rotation Berlin e.V."]
[BlackTeam "SC Erlangen 48/88"]

1. f4 Nf6 2. Nf3 e6 3. e3 d5 4. b3 c5 5. Bb2 Nc6 6. Bb5 Bd7 7. O-O Be7 8. Bxc6
Bxc6 9. d3 b5 10. Ne5 Bb7 11. Nd2 Qb6 12. c4 dxc4 13. bxc4 O-O 14. Qe2 Rfd8 15.
Rfd1 Ba6 16. Rab1 Qc7 17. Bc3 Rab8 18. Nb3 b4 19. Bb2 Nd7 20. Qg4 f5 21. Qg3
Nf6 22. Rd2 Bb7 23. Rbd1 a5 24. Nc1 Bc6 25. Qe1 Ra8 26. h3 Ba4 27. Nb3 Bxb3 28.
axb3 a4 29. Ra1 axb3 30. Rdd1 Qb7 31. Qf1 Ra2 32. Rdb1 Rda8 33. Nf3 Rxa1 34.
Rxa1 Ra2 35. Qb1 Qa6 36. Nd2 Rxa1 37. Qxa1 Qa2 38. Nf3 Ne8 39. e4 fxe4 40. dxe4
Nd6 41. Nd2 g5 42. e5 Nf5 43. fxg5 Bxg5 44. Ne4 Qxa1+ 45. Bxa1 Bc1 46. Nxc5
Be3+ 0-1

[Event "Lichtenberger Sommer"]
[Site "Berlin"]
[Date "2009.08.21"]
[Round "7.61"]
[White "Nieber, Alexander"]
[Black "Boeck, Rüdiger"]
[Result "1-0"]
[WhiteElo "1826"]
[BlackElo "1655"]
[PlyCount "69"]
[EventDate "2009.??.??"]
[WhiteTeam "SG Aufbau Elbe Magdeburg"]
[BlackTeam "SC Weisse Dame Ulm e.V."]

1. d4 d5 2. Nf3 Nf6 3. c4 e6 4. g3 Nbd7 5. Bg2 Be7 6. O-O O-O 7. Qc2 c5 8. cxd5
Nxd5 9. a3 cxd4 10. Nxd4 Nc5 11. Rd1 Qb6 12. b4 Na6 13. e4 Bf6 14. Bb2 Ne7 15.
Nb3 Bxb2 16. Qxb2 Rd8 17. Rxd8+ Qxd8 18. N1d2 Bd7 19. Na5 Rb8 20. Nac4 Bb5 21.
a4 Bxc4 22. Nxc4 Rc8 23. Ne3 Qb6 24. b5 Nc5 25. a5 Qd8 26. b6 axb6 27. axb6 Na6
28. Rd1 Qe8 29. e5 Nc6 30. Nc4 Rd8 31. Nd6 Qd7 32. Qb5 f6 33. f4 Nxe5 34. Qxd7
Nxd7 35. Nxb7 1-0

[Event "Lichtenberger Sommer"]
[Site "Berlin"]
[Date "2009.08.21"]
[Round "7.63"]
[White "Kriese, Ralf"]
[Black "Grassi, Fabrizio"]
[Result "1/2-1/2"]
[WhiteElo "1639"]
[BlackElo "1952"]
[PlyCount "58"]
[EventDate "2009.??.??"]
[WhiteTeam "Greifswalder SV"]
[BlackTeam "SV Berlin-Friedrichstadt"]

1. e4 d5 2. exd5 Nf6 3. Nf3 Nxd5 4. d4 Bg4 5. c3 e6 6. Nbd2 Be7 7. h3 Bh5 8. g4
Bg6 9. Ne5 Nd7 10. Nxg6 hxg6 11. Nf3 c6 12. Bd3 Qc7 13. Qe2 Nf4 14. Bxf4 Qxf4
15. Qe3 g5 16. Ke2 Bf6 17. Qxf4 gxf4 18. h4 g6 19. Rh3 O-O-O 20. Bc4 Rh7 21.
Rah1 Rdh8 22. Kd3 Rd8 23. Ke4 e5 24. Nxe5 Nxe5 25. dxe5 Re8 26. e6 fxe6 27.
Kxf4 Kd7 28. Bd3 e5+ 29. Ke4 Reh8 1/2-1/2